| 000 | 01258nam a2200349Ia 4500 | ||
|---|---|---|---|
| 001 | ebr10062976 | ||
| 003 | CaPaEBR | ||
| 006 | m u | ||
| 007 | cr cn||||||||| | ||
| 008 | 990811s2000 nyu sb 001 0 eng d | ||
| 010 | _z 99044790 | ||
| 020 | _z0203484797 | ||
| 020 | _z0748409068 (hard : alk. paper) | ||
| 040 |
_aCaPaEBR _cCaPaEBR |
||
| 035 | _a(OCoLC)319031356 | ||
| 050 | 1 | 4 |
_aTA166 _b.T37 2000eb |
| 082 | 0 | 4 |
_a620.8/2 _221 |
| 245 | 0 | 0 |
_aTask analysis _h[electronic resource] / _cedited by John Annett and Neville A. Stanton. |
| 260 |
_aNew York : _bTaylor & Francis, _c2000. |
||
| 300 | _av, 242 p. | ||
| 504 | _aIncludes bibliographical references and index. | ||
| 533 |
_aElectronic reproduction. _bPalo Alto, Calif. : _cebrary, _d2009. _nAvailable via World Wide Web. _nAccess may be limited to ebrary affiliated libraries. |
||
| 650 | 0 | _aHuman engineering. | |
| 650 | 0 | _aTask analysis. | |
| 650 | 0 | _aCognitive science. | |
| 655 | 7 |
_aElectronic books. _2local |
|
| 700 | 1 | _aAnnett, John. | |
| 700 | 1 |
_aStanton, Neville, _d1960- |
|
| 710 | 2 | _aebrary, Inc. | |
| 730 | 0 | _aErgonomics. | |
| 856 | 4 | 0 |
_uhttp://site.ebrary.com/lib/rucke/Doc?id=10062976 _zAn electronic book accessible through the World Wide Web; click to view |
| 999 |
_c47578 _d47578 |
||